Birth Places of Famous People - Statistics

General Stats
  • This quiz has been taken 45 times
  • The average score is 30 of 46
Answer Stats
% Correct
country Cleopatra Ptolemaic Kingdom / Egypt
93%
country Barack Obama USA
93%
country Napoleon Bonaparte France
90%
country Donald Trump USA
90%
country Yoko Ono Japan
88%
country Jesus Judah / Israel
88%
country Marilyn Monroe USA
88%
country Jackie Chen UK / China
80%
city Barack Obama Honolulu
78%
country Muhammad Saudi Arabia
78%
country Beyoncé USA
78%
country Björk Iceland
76%
country Marie Curie Poland
76%
country Elon Musk South Africa
76%
country Heath Ledger Australia
73%
city Jesus Bethlehem
73%
country Oscar Wilde Ireland
73%
city Muhammad Mecca
73%
city Donald Trump New York
73%
country PSY South Korea
73%
country Greta Thunberg Sweden
73%
city Yoko Ono Tokyo
73%
country Drake Canada
71%
city Jackie Chen Hong Kong
68%
city PSY Seoul
63%
city Drake Toronto
63%
country Marie Antoinette Austria
61%
country Paulo Coelho Brazil
61%
city Oscar Wilde Dublin
61%
city Marie Curie Warsaw
61%
city Cleopatra Alexandria
59%
city Greta Thunberg Stockholm
59%
city Marie Antoinette Vienna
59%
city Björk Reykjavík
56%
city Heath Ledger Perth
54%
country Nicki Minaj Trinidad and Tobago
54%
city Paulo Coelho Rio de Janeiro
51%
city Elon Musk Pretoria
49%
country Simón Bolívar Venezuela
49%
city Simón Bolívar Caracas
46%
city Napoleon Bonaparte Ajaccio
44%
city Marilyn Monroe Los Angeles
44%
city Beyoncé Houston
41%
country Jean-Jacques Rousseau Switzerland
41%
city Jean-Jacques Rousseau Geneva
39%
city Nicki Minaj Port-of-Spain
39%
No matching quizzes found
Score Distribution
Percent of People with Each Score
Percentile by Number Answered
Your Score History
You have not taken this quiz